| 000 | 00438nam a2200145Ia 4500 | ||
|---|---|---|---|
| 008 | 230917s9999||||xx |||||||||||||| ||und|| | ||
| 040 |
_e201164 _aMAIN |
||
| 041 | _aEnglish | ||
| 082 | _a891.43301731 SK23S | ||
| 100 | _aश्रवण कुमार | ||
| 245 | 0 | _aसिलसिलाः बोध खण्ड 3 | |
| 260 |
_aनई दिल्ली _bनमन प्रकाशन _c2008 |
||
| 300 | _ax, 241 p. | ||
| 942 | _cHN | ||
| 999 |
_c160300 _d160300 |
||